Management,/ (Record no. 1867)

MARC details
000 -LEADER
Fixed length control field 00474nam a2200181 4500
003 - CONTROL NUMBER IDENTIFIER
Control field SEACOMEC
005 - DATE AND TIME OF LATEST TRANSACTION
Control field 20241209121138.0
008 - FIXED-LENGTH DATA ELEMENTS--GENERAL INFORMATION
Fixed length control field 241209b |||||||| |||| 00| 0 eng d
020 ## - INTERNATIONAL STANDARD BOOK NUMBER / ISBN
International Standard Book Number 978-0132257732
Price 395.00
040 ## - CATALOGING SOURCE
Original cataloging agency SEACOMEC
082 ## - DEWEY DECIMAL CLASSIFICATION NUMBER
Classification number 658
Book Number R636
100 ## - MAIN ENTRY--PERSONAL NAME
Personal name Robbins, Stephen P.
245 ## - TITLE STATEMENT
Title Management,/
Statement of responsibility Stephen P. Robbins &, Mary K. Coulter
250 ## - EDITION STATEMENT
Edition statement 9th ed
260 ## - IMPRINT
Place of publication New Delhi :
Name of publisher Pearson Education
Date of publication 2008
300 ## - PHYSICAL DESCRIPTION
Page / Vol. No 738 p
942 ## - ADDED ENTRY ELEMENTS (KOHA)
Koha item type Books
Holdings
Withdrawn status Lost status Source of classification Damaged status Not for loan Home library Current library Date acquired Total Checkouts Call number Accession number Date last seen Price effective from Koha item type Copy number
    Dewey Decimal Classification     SEACOM ENGINEERING COLLEGE SEACOM ENGINEERING COLLEGE 08/04/2008   658 R636 10770 09/12/2024 09/12/2024 Books  
    Dewey Decimal Classification     SEACOM ENGINEERING COLLEGE SEACOM ENGINEERING COLLEGE 08/04/2008   658 R636 10771 09/12/2024 09/12/2024 Books 1
    Dewey Decimal Classification     SEACOM ENGINEERING COLLEGE SEACOM ENGINEERING COLLEGE 08/04/2008   658 R636 10772 09/12/2024 09/12/2024 Books 2
    Dewey Decimal Classification     SEACOM ENGINEERING COLLEGE SEACOM ENGINEERING COLLEGE 08/04/2008   658 R636 10773 09/12/2024 09/12/2024 Books 3
© Seacom Engineering College, All rights reserved.      Powered by Koha